| 000 | 00000nas 2200000za 4500 |
| 001 | 9.827618 |
| 003 | CaOODSP |
| 005 | 20221107144840 |
| 007 | cr ||||||||||| |
| 008 | 161116d19601983oncar p oss f0###a0eng|d |
| 022 | |y0527-5687 |
| 040 | |aCaOODSP|beng |
| 041 | |aeng|afre |
| 043 | |an-cn--- |
| 086 | 1 |aCS41-227-PDF |
| 245 | 00|aMetal stamping, pressing and coating industry |h[electronic resource]. |
| 246 | 13|aIndustrie de l'estampage, du matriçage et du revêtement des métaux|f1968-1969 |
| 246 | 13|aIndustrie de l'emboutissage, du matriçage et du revêtement des métaux|f1970-1983 |
| 260 | |a[Ottawa] : |bDominion Bureau of Statistics, Industry and Merchandising Division, |c1963-1985. |
| 310 | |aAnnual |
| 362 | 0 |a1960-1983. |
| 500 | |aDigitized edition from print [produced by Statistics Canada]. |
| 520 | |a"For statistical purposes this industry covers the operations of establishments primarily engaged in spray or dip coating metal and metal products; and galvanizing and electroplating, except plating with precious metals"--Introduction, 1983. |
| 546 | |aText in English only, 1960-1967; text in English and French, 1968-1983. |
| 550 | |aIssued 1961-1964 by Industry Division; 1965-1969 by Manufacturing and Primary Industries Division; 1970-1978 by Statistics Canada, Manufacturing and Primary Industries Division; 1979-1982 by Machinery, Wood and Metal Products Section; 1983 by Industry Division, Census of Manufactures Section. |
| 580 | |aMerger of a part of Brass and copper products industry (1948); a part of Sheet metal products industry (1948); and, a part of Aluminum products industry. |
| 692 | 07|2gccst|aManufacturing industry |
| 692 | 07|2gccst|aStatistics |
| 710 | 1 |aCanada. |bDominion Bureau of Statistics. |bIndustry and Merchandising Division. |
| 710 | 1 |aCanada. |bDominion Bureau of Statistics. |bIndustry Division. |
| 710 | 1 |aCanada. |bDominion Bureau of Statistics. |bManufacturing and Primary Industries Division. |
| 710 | 1 |aCanada. |bStatistics Canada. |bCensus of Manufactures Section. |
| 710 | 1 |aCanada. |bStatistics Canada. |bMachinery, Wood and Metal Products Section. |
| 710 | 1 |aCanada. |bStatistics Canada. |bManufacturing and Primary Industries Division. |
| 780 | 00|tThe aluminum products industry |w(CaOODSP)9.826315 |
| 780 | 00|tThe brass and copper products industry |w(CaOODSP)9.826366 |
| 780 | 00|tThe sheet metal products industry |w(CaOODSP)9.826760 |
| 785 | 00|tStamped, pressed and coated metal products industries |w(CaOODSP)9.827622 |
| 792 | |tMetal stamping, pressing and coating industry |efre|w(CaOODSP)9.827619 |